[Event "SR 4. liga A21 2009/2010"]
[Site "?"]
[Date "2010.03.21"]
[Round "11.5"]
[White "Bajcar, Pavol"]
[Black "Bendzela, Tibor"]
[Result "1-0"]
[WhiteElo "1426"]
[BlackElo "1455"]
[PlyCount "85"]
[EventDate "2010.??.??"]

1. d4 Nf6 2. Bf4 d5 3. e3 Bf5 4. Nf3 Nbd7 5. Bd3 Ne4 6. Bxe4 Bxe4 7. Nbd2 Bg6
8. O-O e6 9. Rc1 Be7 10. c4 dxc4 11. Nxc4 O-O 12. Na5 Be4 13. Bxc7 Qe8 14. Nc4
Kh8 15. Bd6 Rc8 16. Bxe7 Qxe7 17. Nfe5 Nxe5 18. Nxe5 f6 19. Nf3 Qb4 20. Qd2 Qb5
21. Rxc8 Rxc8 22. Rc1 Rc6 23. Rxc6 Bxc6 24. Ne1 Qc4 25. b3 Qd5 26. f3 e5 27.
Nc2 a5 28. e4 Qb5 29. d5 Bd7 30. Ne3 Qc5 31. h3 f5 32. Kh2 f4 33. Nc4 Qe7 34.
Qxa5 h5 35. Qe1 Bb5 36. Qc3 Bxc4 37. bxc4 Qc5 38. Qxe5 Qxc4 39. Qxh5+ Kg8 40.
Qe8+ Kh7 41. d6 Qf1 42. d7 Qf2 43. Qh5+ 1-0

[Event "SR 4. liga A21 2009/2010"]
[Site "?"]
[Date "2010.03.21"]
[Round "11.5"]
[White "Barcaj, Jaroslav"]
[Black "Bjel, Lubos"]
[Result "0-1"]
[WhiteElo "1596"]
[BlackElo "1621"]
[PlyCount "60"]
[EventDate "2010.??.??"]

1. e4 e6 2. d4 d5 3. e5 c5 4. c3 Nc6 5. Nf3 Qb6 6. Nbd2 cxd4 7. Nb3 dxc3 8.
bxc3 Bc5 9. Nxc5 Qxc5 10. Qd3 Nge7 11. Be3 Qa3 12. Be2 Ng6 13. Bc1 Qc5 14. Be3
Qa5 15. Bd4 b6 16. O-O Nf4 17. Qe3 Nxe2+ 18. Qxe2 Ba6 19. Qd2 Bxf1 20. Rxf1
Nxd4 21. Nxd4 Rc8 22. Qg5 O-O 23. Ne2 Qxa2 24. Ng3 Qc2 25. Rc1 Qg6 26. Qe3 h6
27. f4 Rc4 28. Ra1 Ra8 29. h4 Qc2 30. Ne2 a5 0-1

[Event "SR 4. liga A21 2009/2010"]
[Site "?"]
[Date "2010.03.21"]
[Round "11.5"]
[White "Krchnak, Rudolf"]
[Black "Palka, Martin"]
[Result "1/2-1/2"]
[WhiteElo "1914"]
[BlackElo "1889"]
[PlyCount "35"]
[EventDate "2010.??.??"]

1. d4 d5 2. Nc3 Nf6 3. Bg5 e6 4. e4 Be7 5. e5 Nfd7 6. h4 a6 7. Qg4 Bxg5 8. hxg5
Nf8 9. O-O-O Nc6 10. f4 Ne7 11. Bd3 Bd7 12. Nf3 Qc8 13. Nh4 g6 14. Qe2 c5 15.
dxc5 Qxc5 16. g4 b5 17. Nb1 a5 18. Nd2 1/2-1/2

[Event "SR 4. liga A21 2009/2010"]
[Site "?"]
[Date "2010.03.21"]
[Round "11.5"]
[White "Lajda, Dusan"]
[Black "Tokos, Rastislav"]
[Result "1/2-1/2"]
[WhiteElo "1872"]
[BlackElo "1926"]
[PlyCount "34"]
[EventDate "2010.??.??"]

1. e4 c5 2. Nf3 Nc6 3. d4 cxd4 4. Nxd4 Nf6 5. Nc3 d6 6. Be3 g6 7. Be2 Bg7 8. h4
h5 9. Qd2 a6 10. O-O-O Qa5 11. Nb3 Qc7 12. Kb1 Be6 13. f3 Ne5 14. Rhg1 Nc4 15.
Bxc4 Qxc4 16. Nd4 Rc8 17. Nxe6 Qxe6 1/2-1/2

[Event "SR 4. liga A21 2009/2010"]
[Site "?"]
[Date "2010.03.21"]
[Round "11.5"]
[White "Lanik, Miroslav"]
[Black "Smrek, Peter"]
[Result "1/2-1/2"]
[WhiteElo "1745"]
[BlackElo "1919"]
[PlyCount "45"]
[EventDate "2010.??.??"]

1. e4 c5 2. Nf3 Nc6 3. d4 cxd4 4. Nxd4 g6 5. Nc3 Bg7 6. Be3 d6 7. f3 a6 8. Qd2
Bd7 9. O-O-O b5 10. Nd5 Rc8 11. Kb1 Nf6 12. Nxf6+ Bxf6 13. Nxc6 Rxc6 14. Bd4 e5
15. Be3 Be6 16. Bd3 O-O 17. g4 d5 18. exd5 Qxd5 19. b3 Rd8 20. Qe2 Rcd6 21. Be4
Qxd1+ 22. Rxd1 Rxd1+ 23. Kb2 1/2-1/2

[Event "SR 4. liga A21 2009/2010"]
[Site "?"]
[Date "2010.03.21"]
[Round "11.6"]
[White "Bardik, Jozef"]
[Black "Vogl, Zdenek"]
[Result "0-1"]
[WhiteElo "1813"]
[BlackElo "1887"]
[PlyCount "116"]
[EventDate "2010.??.??"]

1. d4 Nf6 2. c4 e6 3. Nc3 Bb4 4. a3 Bxc3+ 5. bxc3 h6 6. Qc2 b6 7. e4 d6 8. Bd3
Bb7 9. Ne2 O-O 10. O-O e5 11. f4 exf4 12. Rxf4 Re8 13. Ng3 Nbd7 14. Bd2 Nf8 15.
Raf1 N8h7 16. d5 Bc8 17. Nf5 Bxf5 18. Rxf5 Re5 19. Rxe5 dxe5 20. Rf3 Ne8 21.
Qc1 Ng5 22. Rg3 f6 23. h4 Nf7 24. Qd1 Qe7 25. a4 Ned6 26. Qg4 Qf8 27. Be3 Nb7
28. Qg6 Kh8 29. Be2 Qg8 30. Bg4 Rf8 31. Be6 Nbd8 32. Bf5 Nd6 33. c5 Nxf5 34.
Qxf5 Qh7 35. Rg6 Nb7 36. h5 bxc5 37. Qd7 Qg8 38. Qxc7 Rf7 39. Qc6 Qf8 40. Qe6
Qe7 41. Qg4 Qf8 42. Qe6 Qe7 43. Qg4 Qd7 44. Qg3 Nd6 45. Qf3 Qxa4 46. Bxh6 Qxe4
47. Bxg7+ Rxg7 48. Qxf6 Nf5 49. Qf8+ Kh7 50. Rxg7+ Nxg7 51. Qxc5 Nxh5 52. Qxa7+
Kg6 53. Qb6+ Kg5 54. Qd8+ Kg4 55. Qg8+ Kf4 56. d6 Nf6 57. Qa2 Qe1+ 58. Kh2 Ng4+
0-1

[Event "SR 4. liga A21 2009/2010"]
[Site "?"]
[Date "2010.03.21"]
[Round "11.6"]
[White "Baumgartner, Milan"]
[Black "Fabry, Marko"]
[Result "1-0"]
[WhiteElo "1607"]
[BlackElo "1000"]
[PlyCount "29"]
[EventDate "2010.??.??"]

1. e4 e5 2. Bc4 Nf6 3. Nc3 Nc6 4. d3 Bb4 5. a3 Bxc3+ 6. bxc3 O-O 7. Bg5 d6 8.
h3 Na5 9. Bb3 h6 10. Bh4 b6 11. Qf3 Ba6 12. Bxf6 gxf6 13. Ne2 Nxb3 14. cxb3
Bxd3 15. Qxd3 1-0

[Event "SR 4. liga A21 2009/2010"]
[Site "?"]
[Date "2010.03.21"]
[Round "11.6"]
[White "Leska, Marian"]
[Black "Nemsak, Denis"]
[Result "0-1"]
[WhiteElo "1668"]
[BlackElo "1645"]
[PlyCount "64"]
[EventDate "2010.??.??"]

1. d4 f5 2. c4 g6 3. g3 Bg7 4. Bg2 Nf6 5. Nc3 O-O 6. Nf3 d6 7. O-O Na6 8. e3 c5
9. Re1 Rb8 10. Rb1 Bd7 11. a4 cxd4 12. exd4 Nc7 13. b3 a6 14. Bf1 b5 15. axb5
axb5 16. Bg5 b4 17. Ne2 Ne4 18. Bf4 h6 19. Bc1 e5 20. d5 g5 21. Nd2 Nc5 22. Qc2
f4 23. Bg2 Bf5 24. Be4 Nxe4 25. Nxe4 f3 26. N2c3 bxc3 27. Qxc3 Bxe4 28. Rxe4
Qc8 29. Qe1 Na6 30. Re3 Nb4 31. Qf1 Nc2 32. Rc3 Nd4 0-1

[Event "SR 4. liga A21 2009/2010"]
[Site "?"]
[Date "2010.03.21"]
[Round "11.6"]
[White "Strapko, Tomas"]
[Black "Zlamal, Marek"]
[Result "1/2-1/2"]
[WhiteElo "1595"]
[BlackElo "1505"]
[PlyCount "77"]
[EventDate "2010.??.??"]

1. d4 e6 2. c4 d5 3. Nc3 Nf6 4. Bg5 Be7 5. e3 O-O 6. Nf3 Nbd7 7. c5 h6 8. Bxf6
Bxf6 9. Bd3 c6 10. e4 e5 11. dxe5 Nxe5 12. Nxe5 Bxe5 13. O-O Bxc3 14. bxc3 dxe4
15. Bxe4 Qxd1 16. Raxd1 Re8 17. Bc2 Be6 18. Bb3 Re7 19. h3 Rae8 20. Rfe1 Bxb3
21. Rxe7 Rxe7 22. axb3 Re5 23. b4 Kf8 24. Kf1 Ke7 25. f3 Re3 26. Re1 Rxe1+ 27.
Kxe1 Ke6 28. Ke2 Ke5 29. Ke3 g5 30. g3 b6 31. cxb6 axb6 32. c4 c5 33. f4+ gxf4+
34. gxf4+ Kf5 35. b5 Ke6 36. Ke4 f5+ 37. Kf3 Kf6 38. Kg3 Kg7 39. Kh4 1/2-1/2

[Event "SR 4. liga A21 2009/2010"]
[Site "?"]
[Date "2010.03.21"]
[Round "11.6"]
[White "Vepy, Ivan"]
[Black "Gono, Michal"]
[Result "0-1"]
[WhiteElo "1920"]
[BlackElo "1852"]
[PlyCount "92"]
[EventDate "2010.??.??"]

1. e4 c5 2. Nf3 a6 3. Be2 d6 4. O-O Nf6 5. Nc3 e5 6. a3 Nc6 7. h3 Be7 8. d3 h6
9. Nh2 O-O 10. f4 Nd4 11. fxe5 dxe5 12. Be3 Be6 13. Qd2 Kh7 14. Rf2 b5 15. Raf1
b4 16. axb4 cxb4 17. Nd5 Nxe2+ 18. Qxe2 Nxd5 19. exd5 Qxd5 20. Qh5 f5 21. g3 f4
22. gxf4 exf4 23. Qxd5 Bxd5 24. Bd4 g5 25. Re2 Bd6 26. Ng4 Rf5 27. Ne3 Re8 28.
Ref2 fxe3 29. Rxf5 Be6 30. R5f3 e2 31. Re1 g4 32. Re3 gxh3 33. Kf2 Rf8+ 34. Rf3
Rxf3+ 35. Kxf3 Bd5+ 36. Kxe2 h2 37. c4 bxc3 38. bxc3 h1=Q 39. Rxh1 Bxh1 40. c4
Kg6 41. Ke3 h5 42. Bc3 Bg3 43. d4 h4 44. d5 h3 45. Bb4 h2 46. d6 Bc6 0-1

[Event "SR 4. liga A21 2010/2011"]
[Site "?"]
[Date "2010.10.10"]
[Round "1.1"]
[White "Berger, Patrik"]
[Black "Dubecky, Ladislav"]
[Result "1-0"]
[WhiteElo "1720"]
[BlackElo "1551"]
[PlyCount "95"]
[EventDate "2010.??.??"]

1. e4 e5 2. Nf3 d6 3. d4 exd4 4. Nxd4 Nf6 5. Nc3 Be7 6. Be2 O-O 7. O-O Bd7 8.
f4 c5 9. Nb3 Nc6 10. Be3 a6 11. Bf3 Qc8 12. h3 Rb8 13. Qe2 b5 14. Bf2 c4 15.
Nd2 Qd8 16. e5 dxe5 17. fxe5 Ne8 18. e6 Bxe6 19. Bxc6 Nf6 20. Rad1 Qc7 21. Bf3
Rbd8 22. Nde4 Rfe8 23. Rxd8 Rxd8 24. Rd1 h6 25. Rxd8+ Qxd8 26. Nc5 Qc8 27. Nxe6
fxe6 28. Nd5 Nxd5 29. Bxd5 Kf7 30. Be4 Bf6 31. Qh5+ Kf8 32. Qc5+ Qxc5 33. Bxc5+
Kf7 34. b3 cxb3 35. cxb3 a5 36. b4 axb4 37. Bxb4 Be7 38. a3 Kf6 39. Bxe7+ Kxe7
40. Bd3 b4 41. axb4 Kd6 42. Kf2 Kd5 43. Ke3 e5 44. b5 g5 45. Be4+ Kc5 46. Bc6
h5 47. Ke4 Kd6 48. Kf5 1-0

[Event "SR 4. liga A21 2010/2011"]
[Site "?"]
[Date "2010.10.10"]
[Round "1.1"]
[White "Cerovsky, Marian"]
[Black "Brisudova, Veronika"]
[Result "0-1"]
[WhiteElo "1783"]
[BlackElo "1797"]
[PlyCount "124"]
[EventDate "2010.??.??"]

1. e4 c5 2. Nc3 Nc6 3. Nf3 g6 4. a3 Bg7 5. Bc4 e6 6. d3 Nge7 7. O-O O-O 8. Bd2
d5 9. exd5 exd5 10. Ba2 Bg4 11. h3 Bf5 12. Qc1 Qd7 13. Ne2 Rfe8 14. Ng3 Rad8
15. Bh6 Bh8 16. Rb1 Nd4 17. Nxd4 Bxd4 18. Bg5 Be6 19. c3 Bg7 20. Re1 Rc8 21.
Bxe7 Rxe7 22. Qd2 Rce8 23. Re2 h5 24. Rbe1 Kh7 25. d4 cxd4 26. cxd4 Qb5 27. Bb1
Bh6 28. Qd1 Kg7 29. Qc2 h4 30. Nh5+ Kf8 31. Nf6 Bf5 32. Rxe7 Bxc2 33. Rxe8+ Kg7
34. Ng4 Bxb1 35. R8e7 Bg5 36. R7e5 Bf5 37. Nh2 Bf4 38. Re7 Qxb2 39. Nf3 Be4 40.
R1xe4 dxe4 41. Rxe4 Bd2 42. Rxh4 Qxa3 43. Nxd2 Qc1+ 44. Nf1 a5 45. g3 g5 46.
Re4 a4 47. d5 Qd1 48. d6 a3 49. Kg2 a2 50. Ne3 a1=Q 51. Nxd1 Qxd1 52. Rg4 Kf6
53. f4 Qxd6 54. Rxg5 Qc6+ 55. Kf2 b5 56. h4 b4 57. h5 b3 58. h6 b2 59. h7 Qc2+
60. Ke3 Qxh7 61. Rb5 b1=Q 62. Rxb1 Qxb1 0-1

[Event "SR 4. liga A21 2010/2011"]
[Site "?"]
[Date "2010.10.10"]
[Round "1.1"]
[White "Damborsky, Pavol"]
[Black "Harasta, Juraj"]
[Result "0-1"]
[WhiteElo "1649"]
[BlackElo "1706"]
[PlyCount "132"]
[EventDate "2010.??.??"]

1. c4 c5 2. Nc3 Nf6 3. g3 e5 4. Bg2 Nc6 5. e3 d6 6. a3 Be6 7. d3 Qc8 8. Ne4 Be7
9. Nxf6+ Bxf6 10. Ne2 O-O 11. O-O Bh3 12. Nc3 Bxg2 13. Kxg2 Ne7 14. Ne4 Qe6 15.
Nxf6+ Qxf6 16. e4 Nc6 17. Be3 a6 18. f4 b5 19. fxe5 Qxe5 20. Bf4 Qxb2+ 21. Rf2
Qd4 22. cxb5 axb5 23. Raa2 Ra7 24. Qb3 b4 25. a4 Ne5 26. Bxe5 dxe5 27. Rf1 Rd8
28. Rf3 Rda8 29. Raf2 Rf8 30. Ra2 Kh8 31. Raf2 Qd7 32. Rf5 Qe7 33. Ra2 f6 34.
Rf1 Qd7 35. Rc1 Rc8 36. a5 Qb5 37. Rca1 Rd8 38. Qc4 Qxc4 39. dxc4 Rd4 40. Rc2
Rxe4 41. a6 b3 42. Rb1 h6 43. Rxb3 Rxa6 44. Rb5 Rc6 45. Kf3 Rd4 46. Ke3 Kh7 47.
h3 Kg6 48. Rb7 h5 49. Rb5 h4 50. g4 Kg5 51. Rb7 g6 52. Rb5 f5 53. gxf5 gxf5 54.
Rg2+ Kf6 55. Rc2 f4+ 56. Kf3 Kf5 57. Rc3 e4+ 58. Ke2 f3+ 59. Ke3 Rd1 60. Rb8
Re1+ 61. Kf2 Re2+ 62. Kf1 Ra6 63. Rf8+ Ke6 64. Rc1 Raa2 65. Rd8 Rh2 66. Kg1
Rag2+ 0-1

[Event "SR 4. liga A21 2010/2011"]
[Site "?"]
[Date "2010.10.10"]
[Round "1.1"]
[White "Harasta, Marian"]
[Black "Pisecky, Jan"]
[Result "1-0"]
[WhiteElo "1663"]
[BlackElo "1529"]
[PlyCount "45"]
[EventDate "2010.??.??"]

1. d4 d5 2. c4 e6 3. Nc3 c6 4. Nf3 h6 5. e3 Nf6 6. Be2 Be7 7. O-O O-O 8. c5 b6
9. b4 b5 10. a4 Na6 11. Qb3 Nc7 12. Ne5 Bd7 13. axb5 cxb5 14. c6 Bc8 15. Nxb5
Nxb5 16. Bxb5 Qb6 17. Bd3 Qxb4 18. Qxb4 Bxb4 19. Ba3 Bxa3 20. Rxa3 a5 21. Rfa1
Ba6 22. Rxa5 Bxd3 23. Rxa8 1-0

[Event "SR 4. liga A21 2010/2011"]
[Site "?"]
[Date "2010.10.10"]
[Round "1.1"]
[White "Sprusansky, Ferdinand"]
[Black "Jarabek, Milan"]
[Result "0-1"]
[WhiteElo "1455"]
[BlackElo "1522"]
[PlyCount "66"]
[EventDate "2010.??.??"]

1. e4 c5 2. Nf3 d6 3. d4 cxd4 4. Nxd4 Nf6 5. Nc3 g6 6. Nf3 Nc6 7. Bb5 Bd7 8.
O-O Bg7 9. Re1 O-O 10. h3 Rc8 11. Bg5 Be6 12. e5 dxe5 13. Nxe5 Nxe5 14. Rxe5
Qc7 15. Qf3 Qxe5 16. Bf4 Qc5 17. Qxb7 Nd5 18. Be3 Nxe3 19. fxe3 Qxe3+ 20. Kh1
Bxc3 21. bxc3 Qxc3 22. Rc1 Qa5 23. Bd3 Qxa2 24. Qxe7 Bb3 25. Qe2 Qb2 26. Qd1 a5
27. Rb1 Bxc2 28. Bxc2 Qxc2 29. Qe1 a4 30. Ra1 Ra8 31. Qb4 Rfb8 32. Qe1 a3 33.
Rc1 Qb2 0-1

[Event "SR 4. liga A21 2010/2011"]
[Site "?"]
[Date "2010.10.10"]
[Round "1.2"]
[White "Florek, Jozef"]
[Black "Jablonicky, Boris"]
[Result "1-0"]
[WhiteElo "1533"]
[BlackElo "1745"]
[PlyCount "91"]
[EventDate "2010.??.??"]

1. e4 e5 2. Bc4 Nf6 3. Nf3 Nc6 4. d3 Bc5 5. Nc3 O-O 6. O-O h6 7. h3 d6 8. a3
Ne7 9. b4 Bb6 10. Bb3 Ng6 11. Be3 Nh7 12. Ne2 Kh8 13. Qd2 f5 14. exf5 Bxf5 15.
Ng3 Bxh3 16. Nh2 Bd7 17. Nf3 Qe8 18. Bxb6 axb6 19. Bd5 c6 20. Be4 Nf4 21. Qe3
b5 22. Bxh7 Kxh7 23. Rfe1 Ra6 24. Ne4 Qe7 25. d4 Bg4 26. dxe5 Bxf3 27. Qxf3
Qxe5 28. Qe3 Ng6 29. Qd3 d5 30. Nc5 Qf4 31. f3 Ra7 32. Ne6 Qf6 33. Nxf8+ Qxf8
34. Re3 Qf6 35. Rae1 Qg5 36. Re6 Ra8 37. R1e5 Qg3 38. Re3 Rf8 39. Re8 Kg8 40.
Rxf8+ Kxf8 41. Qf5+ Kg8 42. Re8+ Kh7 43. Re6 Kg8 44. Qxg6 Qxg6 45. Rxg6 Kf7 46.
Rg4 1-0

[Event "SR 4. liga A21 2010/2011"]
[Site "?"]
[Date "2010.10.10"]
[Round "1.2"]
[White "Kavon, Rastislav"]
[Black "Adamec, Jozef"]
[Result "1-0"]
[WhiteElo "1699"]
[BlackElo "1444"]
[PlyCount "125"]
[EventDate "2010.??.??"]

1. e4 e5 2. Nf3 d6 3. d4 exd4 4. Nxd4 Nf6 5. Nc3 Be7 6. Bc4 Bg4 7. f3 Bd7 8.
O-O c5 9. Nde2 O-O 10. Nf4 a6 11. Bd5 Nc6 12. Be3 Rb8 13. Qe1 Nb4 14. Rc1 b5
15. a3 Nc6 16. g4 Ne5 17. h3 Ne8 18. Ng2 Ng6 19. Bf2 Kh8 20. Bg3 b4 21. Ne2 Bf6
22. Rb1 Rb6 23. f4 Nc7 24. Bb3 Bb5 25. axb4 Bxe2 26. Qxe2 Rxb4 27. f5 Nh4 28.
Nxh4 Bxh4 29. Bxh4 Qxh4 30. Qf3 Qf6 31. Qd3 Re8 32. Rfe1 Rd4 33. Qf3 Qe5 34.
Bxf7 Re7 35. Bd5 Rd2 36. Bb3 Nb5 37. c3 Qh2+ 38. Kf1 Rxb2 39. f6 Rf2+ 40. Qxf2
Qxh3+ 41. Kg1 Qxg4+ 42. Qg2 Qxg2+ 43. Kxg2 gxf6 44. c4 Nd4 45. Bd1 Rg7+ 46. Kf2
h6 47. Ra1 Ra7 48. Rh1 Kh7 49. Rh5 Kg6 50. Rd5 Rb7 51. Rxa6 Rb2+ 52. Ke1 Rb3
53. Bxb3 Nxb3 54. Rdxd6 h5 55. Rxf6+ Kg5 56. e5 Nd4 57. Rad6 Nc2+ 58. Kd2 Nd4
59. Rxd4 cxd4 60. c5 h4 61. c6 h3 62. c7 h2 63. Rf1 1-0

[Event "SR 4. liga A21 2010/2011"]
[Site "?"]
[Date "2010.10.10"]
[Round "1.2"]
[White "Kurinec, Jozef"]
[Black "Jablonicky, Martin"]
[Result "0-1"]
[WhiteElo "1837"]
[BlackElo "1884"]
[PlyCount "80"]
[EventDate "2010.??.??"]

1. e4 c6 2. d4 d5 3. e5 Bf5 4. Bd3 Bxd3 5. Qxd3 e6 6. Nf3 Nd7 7. O-O Ne7 8. c3
c5 9. Be3 Nf5 10. Nbd2 Be7 11. Rfe1 O-O 12. Nf1 Rc8 13. Ng3 Nxe3 14. fxe3 Qb6
15. Rab1 Rc6 16. Kh1 Qa6 17. Qxa6 Rxa6 18. a3 b5 19. Ra1 c4 20. e4 Nb6 21. exd5
Nxd5 22. Ne4 Rb6 23. g3 a5 24. Ned2 Rc8 25. Rec1 Ne3 26. Kg1 Rbc6 27. Kf2 Nd5
28. Ne4 b4 29. axb4 axb4 30. Ke2 Rb6 31. Ra2 bxc3 32. Nxc3 Nb4 33. Ra7 Nd3 34.
Rc2 Bf8 35. Ra2 Nb4 36. Kd2 Nxa2 37. Nxa2 Bb4+ 38. Nxb4 Rxb4 39. Ng1 Rb3 40.
Rc3 Rxb2+ 0-1

[Event "SR 4. liga A21 2010/2011"]
[Site "?"]
[Date "2010.10.10"]
[Round "1.2"]
[White "Lezovic, Martin"]
[Black "Dedacek, Miroslav"]
[Result "1-0"]
[WhiteElo "1516"]
[BlackElo "1595"]
[PlyCount "101"]
[EventDate "2010.??.??"]

1. e4 e5 2. Nf3 Nc6 3. Bc4 Be7 4. O-O Nf6 5. d3 d6 6. Nc3 Bg4 7. h3 Bh5 8. Be3
O-O 9. a3 a6 10. Bd5 Nxd5 11. Nxd5 f5 12. Nxe7+ Qxe7 13. exf5 Rxf5 14. g4 Rxf3
15. Qxf3 Rf8 16. Qg2 Be8 17. Rae1 Nd8 18. f4 Bc6 19. Qg3 exf4 20. Bxf4 Qf6 21.
Be5 Qg6 22. Rxf8+ Kxf8 23. Bc3 Qg5 24. Qe3 Qxe3+ 25. Rxe3 Kf7 26. Re2 Ne6 27.
h4 Bd7 28. Rf2+ Kg8 29. Kh2 g6 30. h5 Nf8 31. Rf4 Ne6 32. Rf6 gxh5 33. gxh5 Ng7
34. h6 Nh5 35. Rf2 Be8 36. Kg1 Bf7 37. Rg2+ Bg6 38. Rf2 Bf7 39. Kf1 Kf8 40. Ke1
Ke7 41. Kd2 Bg6 42. Kc1 Bf7 43. Bd2 Bg6 44. Bg5+ Kd7 45. Re2 c6 46. Re7+ Kc8
47. Re6 Bf5 48. Rxd6 Ng3 49. Rd8+ Kc7 50. Rf8 Bg6 51. Bf4+ 1-0

[Event "SR 4. liga A21 2010/2011"]
[Site "?"]
[Date "2010.10.10"]
[Round "1.2"]
[White "Mackovic, Matus"]
[Black "Kicinja, Jan"]
[Result "1-0"]
[WhiteElo "1846"]
[BlackElo "1808"]
[PlyCount "69"]
[EventDate "2010.??.??"]

1. e4 c5 2. Nf3 Nc6 3. d4 cxd4 4. Nxd4 d6 5. Nc3 Nf6 6. Be2 a6 7. Be3 g6 8. f3
Bg7 9. Qd2 Bd7 10. g4 h5 11. g5 Nh7 12. h4 Qc7 13. Nd5 Qd8 14. Nxc6 Bxc6 15.
Bb6 Qc8 16. Nc7+ Kd7 17. Nxa8 Qxa8 18. Bd4 Qf8 19. O-O-O Bxd4 20. Qxd4 f6 21.
Rhg1 fxg5 22. hxg5 Qf4+ 23. Kb1 Rf8 24. Qg7 Qf7 25. Qxf7 Rxf7 26. Rdf1 Rf4 27.
Kc1 Nf8 28. Bc4 Ne6 29. Bxe6+ Kxe6 30. Kd2 Bb5 31. Ke3 Ke5 32. Rd1 e6 33. Rd2
d5 34. exd5 exd5 35. Rxd5+ 1-0

[Event "SR 4. liga A21 2010/2011"]
[Site "?"]
[Date "2010.10.10"]
[Round "1.3"]
[White "Danihel, Jozef"]
[Black "Beran, Jan ml"]
[Result "0-1"]
[WhiteElo "1552"]
[BlackElo "1896"]
[PlyCount "49"]
[EventDate "2010.??.??"]

1. e4 c5 2. Nf3 Nc6 3. d4 cxd4 4. Nxd4 e5 5. Nb5 a6 6. N5a3 Nf6 7. Nc3 Bb4 8.
Bg5 Bxc3+ 9. bxc3 Qa5 10. Nb1 Nxe4 11. Be3 Nxc3 12. Nxc3 Qxc3+ 13. Bd2 Qb2 14.
c3 d5 15. Be2 Bf5 16. Rc1 O-O 17. O-O d4 18. g4 Bg6 19. h4 h6 20. h5 Bh7 21.
Bc4 Rad8 22. Qe2 b5 23. Bb3 dxc3 24. Qf3 Nd4 25. Qxc3 0-1

[Event "SR 4. liga A21 2010/2011"]
[Site "?"]
[Date "2010.10.10"]
[Round "1.3"]
[White "Huska, Branislav"]
[Black "Bartos, Bohumil"]
[Result "1-0"]
[WhiteElo "1503"]
[BlackElo "1574"]
[PlyCount "39"]
[EventDate "2010.??.??"]

1. e4 c5 2. Nc3 Nc6 3. f4 d6 4. Nf3 Bg4 5. Bb5 a6 6. Bxc6+ bxc6 7. O-O e6 8. h3
Bxf3 9. Qxf3 d5 10. d3 g6 11. f5 Ra7 12. fxe6 f6 13. exd5 cxd5 14. Nxd5 f5 15.
g4 Nh6 16. Bxh6 Bxh6 17. gxf5 Qg5+ 18. Kh2 gxf5 19. Qxf5 Rg8 20. Nf6+ 1-0

[Event "SR 4. liga A21 2010/2011"]
[Site "?"]
[Date "2010.10.10"]
[Round "1.3"]
[White "Lanik, Miroslav"]
[Black "Kubis, Ivan"]
[Result "1/2-1/2"]
[WhiteElo "1871"]
[BlackElo "1980"]
[PlyCount "66"]
[EventDate "2010.??.??"]

1. e4 e5 2. Nf3 Nc6 3. Bb5 a6 4. Ba4 Nf6 5. O-O Be7 6. Re1 b5 7. Bb3 O-O 8. c3
d5 9. exd5 Nxd5 10. Nxe5 Nxe5 11. Rxe5 c6 12. d4 Bd6 13. Re1 Qh4 14. g3 Qh3 15.
Be3 Bg4 16. Qd3 f5 17. Qf1 Qh5 18. f4 Kh8 19. Bxd5 cxd5 20. Nd2 g5 21. a4 bxa4
22. Rxa4 Rae8 23. Raa1 Re6 24. fxg5 f4 25. Bxf4 Bxf4 26. gxf4 Be2 27. Qf2 Qg4+
28. Qg3 Rxf4 29. Qxg4 Rxg4+ 30. Kf2 Rf4+ 31. Kg1 Rg4+ 32. Kf2 Rf4+ 33. Kg1 Rg4+
1/2-1/2

[Event "SR 4. liga A21 2010/2011"]
[Site "?"]
[Date "2010.10.10"]
[Round "1.3"]
[White "Tokos, Rastislav"]
[Black "Planka, Peter"]
[Result "0-1"]
[WhiteElo "1933"]
[BlackElo "1798"]
[PlyCount "82"]
[EventDate "2010.??.??"]

1. e4 e5 2. Nf3 Nc6 3. Bb5 a6 4. Bxc6 dxc6 5. d4 exd4 6. Qxd4 Qxd4 7. Nxd4 c5
8. Nf3 Nf6 9. Nc3 Bg4 10. Ne5 Bd6 11. Nxg4 Nxg4 12. h3 Ne5 13. f4 Ng6 14. e5
Be7 15. Be3 Nh4 16. g4 Ng2+ 17. Kf2 Nxe3 18. Kxe3 O-O-O 19. Rad1 c6 20. Rxd8+
Rxd8 21. Rd1 Rxd1 22. Nxd1 Kd7 23. Ke4 f6 24. exf6 Bxf6 25. g5 Bd4 26. c3 Bg1
27. Kf3 c4 28. Ke4 b5 29. h4 Ke6 30. f5+ Kd6 31. h5 Bb6 32. f6 gxf6 33. g6 hxg6
34. h6 f5+ 35. Kf4 Bd8 36. h7 Bf6 37. Nf2 Ke6 38. Nh3 Kf7 39. h8=Q Bxh8 40. Kg5
Bf6+ 41. Kh6 g5 0-1

[Event "SR 4. liga A21 2010/2011"]
[Site "?"]
[Date "2010.10.10"]
[Round "1.3"]
[White "Vach, Jozef"]
[Black "Palka, Martin"]
[Result "1/2-1/2"]
[WhiteElo "1900"]
[BlackElo "1855"]
[PlyCount "80"]
[EventDate "2010.??.??"]

1. e4 c5 2. Nf3 d6 3. d4 cxd4 4. Nxd4 Nf6 5. Nc3 a6 6. Be2 e6 7. Be3 Be7 8. Qd2
O-O 9. O-O-O b5 10. a3 Bb7 11. f3 Nc6 12. g4 Qc7 13. h4 Nd7 14. Nxc6 Bxc6 15.
f4 Nc5 16. Bf3 Qb7 17. Qg2 a5 18. Bxc5 dxc5 19. Rdf1 b4 20. Nb1 bxa3 21. Nxa3
Rab8 22. c3 Qb3 23. Qc2 Qb7 24. Qg2 Qa6 25. Be2 Qb6 26. Bf3 Bb5 27. Nxb5 Qxb5
28. e5 c4 29. Bc6 Qb6 30. Rh3 Ba3 31. Rf2 Rfd8 32. Ba4 Bc5 33. Re2 Rd3 34. Kb1
Be3 35. Ka2 Rxc3 36. Qe4 Qb4 37. Bd1 Rd3 38. Rhxe3 Rxd1 39. Qc2 Rbd8 40. Rc3
R1d4 1/2-1/2

[Event "SR 4. liga A21 2010/2011"]
[Site "?"]
[Date "2010.10.10"]
[Round "1.4"]
[White "Bajcar, Pavol"]
[Black "Pagac, Robert"]
[Result "0-1"]
[WhiteElo "1523"]
[BlackElo "1818"]
[PlyCount "48"]
[EventDate "2010.??.??"]

1. d4 d5 2. Bf4 Nf6 3. Nf3 e6 4. e3 Bd6 5. Bg3 O-O 6. Bd3 Ne4 7. Nbd2 f5 8. O-O
Nd7 9. c4 Ndf6 10. c5 Bxg3 11. hxg3 Ng4 12. Ne5 Nxe5 13. dxe5 Nxc5 14. Nb3 Ne4
15. Rc1 c6 16. Nd4 a6 17. b4 Bd7 18. Qe2 Qe7 19. Qb2 Qg5 20. Nf3 Qh6 21. Nd4
Nxg3 22. fxg3 Qxe3+ 23. Qf2 Qxd3 24. Rfd1 Qe4 0-1

[Event "SR 4. liga A21 2010/2011"]
[Site "?"]
[Date "2010.10.10"]
[Round "1.4"]
[White "Baumgartner, Milan"]
[Black "Tomasovic, Martin"]
[Result "1-0"]
[WhiteElo "1588"]
[BlackElo "1474"]
[PlyCount "83"]
[EventDate "2010.??.??"]

1. c4 e5 2. Nc3 Nf6 3. e4 Bc5 4. h3 d6 5. Bd3 Nc6 6. Nge2 O-O 7. Na4 b6 8. Nxc5
bxc5 9. Bb1 Na5 10. d3 h6 11. O-O Re8 12. f4 Nc6 13. b3 Bb7 14. Bb2 Nd4 15.
fxe5 dxe5 16. Ng3 Re6 17. Nf5 a6 18. Qe1 Nh7 19. h4 h5 20. Kh2 Qd7 21. Ba3 Rc6
22. Qg3 Rg6 23. Qxe5 Ne6 24. Bxc5 Nxc5 25. Ne7+ Kh8 26. Nxg6+ fxg6 27. Qxc5
Qd6+ 28. Qxd6 cxd6 29. Bc2 Nf8 30. Rf7 Bc6 31. Raf1 Ne6 32. Re7 Nd4 33. Bb1 Ne2
34. Rff7 Rg8 35. Ra7 Be8 36. Rf1 Nc3 37. Rxa6 Nxb1 38. Rxb1 Rf8 39. Rxd6 Kh7
40. a4 Rf2 41. Ra1 Rb2 42. Ra3 1-0

[Event "SR 4. liga A21 2010/2011"]
[Site "?"]
[Date "2010.10.10"]
[Round "1.4"]
[White "Bjel, Tomas"]
[Black "Vepy, Ivan"]
[Result "0-1"]
[WhiteElo "1743"]
[BlackElo "1935"]
[PlyCount "96"]
[EventDate "2010.??.??"]

1. e4 e5 2. Nf3 Nc6 3. Bc4 Nf6 4. d3 Be7 5. O-O O-O 6. Nc3 d6 7. h3 Na5 8. Bb3
Nxb3 9. axb3 c6 10. Be3 b6 11. Na4 Bb7 12. c4 Nd7 13. Nc3 f5 14. Nh2 f4 15. Bd2
Bc8 16. f3 Bh4 17. Be1 Bxe1 18. Qxe1 Nc5 19. Qd1 Qg5 20. Ng4 h5 21. Nf2 Rf6 22.
Kh1 Rg6 23. Rg1 Qg3 24. Qc2 Nxb3 25. Qxb3 Qxf2 26. Raf1 Qh4 27. Qc2 Rg3 28. Rf2
Be6 29. Rgf1 Rf8 30. Ne2 Bxh3 31. Nxg3 Be6+ 32. Kg1 fxg3 33. Ra1 gxf2+ 34. Qxf2
Qxf2+ 35. Kxf2 a5 36. b3 c5 37. Ra2 Kh7 38. Ke3 Kg6 39. Ra1 Kg5 40. Rh1 Rf4 41.
g3 Rf6 42. Rh4 g6 43. Rh2 Kh6 44. g4 Kg5 45. gxh5 gxh5 46. Rg2+ Kh6 47. Rh2 Rf4
48. Kf2 Bg4 0-1